Quizzes
Events
Quiz Creation
Community
Videos
Private Events
Remove Ads
Sign In
Join for FREE
Feedback
Dark Mode
Quiz Categories
Sports
Geography
Music
Movies
Television
Just For Fun
Miscellaneous
History
Literature
Language
Science
Gaming
Entertainment
Religion
Holiday
For Kids
Quiz Lab
Recent
Popular Today
Quiz Kudos Today
Editor Picks
Curator Picks
Quizzes by...
Day
Popularity
Type
Ratings
Length
Year
Community
Subscriptions
Recent Discussions
Orange Saloon
Badges
Playlists
Quests
Create
Leaderboards
Showdown
Live 5
Trivia Bingo
Activity
Puzzle Library
Sporcle Events
Private Events
Virtual Trivia
Globe League
Become a Host
Pub Owners
SporcleCon
Opinionation
Our Games
Videos
Blog
Mobile Apps
Partnerships
Remove Ads and Go Orange
Feedback
Entertainment
Celebrity
Famous
Musical
Broadway
Show
Quote
Comic Books
Anime
Superhero
DC Comics
Marvel
Cartoons
Animation
Entertainment
Celebrity
Famous
Musical
Broadway
Show
Quote
Comic Books
Anime
Superhero
DC Comics
Marvel
Cartoons
Animation
Random Quiz
Search Sporcle
×
Quiz Lab
Quiz Lab
Entertainment
Marvel
Type answers based on single images at one time
Type answers based on single images at one time
Slideshow
Best Score? Go Orange.
Every Member of Thunderbolts Stats
Can you name every
By
XMen4Life
15m
99 Questions
169 Plays
169 Plays
169 Plays
Comments
Comments
Give Quiz Kudos
Give Quiz Kudos
-
- Ratings
hide this ad
More Info
Replay
Link that replays current quiz
Next Quiz
Link to next quiz in quiz playlist
You Got
0%
They Got
Avg Score
57%
Avg Friend Score
Upgrade to see
Score Distribution
Jump to the score distribution portion of the page
Score
0/99
Timer
15:00
0
Plays Today
% Correct
Winter Soldier
90.5%
Baron Zemo
88.2%
Black Widow
88.2%
Bullseye
88.2%
Crossbones
88.2%
Doctor Octopus
88.2%
Green Goblin
88.2%
Hawkeye
88.2%
Iron Fist
88.2%
Juggernaut
88.2%
U.S. Agent
88.2%
Venom
88.2%
Atlas
87.6%
Luke Cage
87.6%
Shocker
87.6%
Taskmaster
87.6%
Ghost Rider
87.6%
Elektra
87.6%
Red Hulk
87.6%
Man-Thing
87%
Deadpool
87%
Beetle
86.4%
Batroc the Leaper
85.8%
Punisher
85.8%
Ant-Man
85.2%
Jack O'Lantern
85.2%
Lady Deathstrike
85.2%
Radioactive Man
83.4%
Songbird
82.8%
Boomerang
82.2%
Moonstone
78.7%
Ghost
78.7%
Agent Venom
78.1%
% Correct
Red Leader
77.5%
Fixer
76.9%
Grizzly
76.3%
Mister Hyde
76.3%
Blizzard
74%
Speed Demon
73.4%
Penance
71%
Swordsman
70.4%
Mach-X
68%
King Cobra
68%
Unicorn
61.5%
Paladin
60.9%
Vermin
60.4%
Bushmaster
59.8%
Satana Hellstorm
59.8%
Vapor
58.6%
Beetle
56.2%
Ox
55.6%
X-Ray
55.6%
Cobalt Man
55%
Eel
55%
Whiplash
55%
Vector
53.8%
Blacklash
53.3%
Killer Shrike
52.1%
Ironclad
51.5%
King Hyperion
50.9%
Jolt
49.1%
Black Mamba
47.3%
Black Widow
47.3%
Whirlwind
45.6%
Cyclone
43.2%
Amazon
41.4%
% Correct
Slyde
40.8%
Joystick
40.2%
Texas Twister
39.6%
Headsman
38.5%
Rattler
37.9%
Troll
36.1%
Mongoose
35.5%
Over-Mind
35.5%
Photon
34.9%
Red Ronin
34.3%
Harrier
33.7%
Kobik
32%
Andrea von Strucker
30.8%
Mister X
29.6%
Quicksand
29.6%
Ogre
29%
Scourge
27.2%
Vantage
24.9%
Blackheath
23.7%
Smiling Tiger
22.5%
Skein
21.9%
Aqueduct
21.3%
Centurius
21.3%
Smuggler
21.3%
Tatterdemalion
19.5%
Charcoal
17.8%
Zaran
14.8%
Snake Marston
13.6%
Pretty Persuasions
12.4%
Bloodstrike
10.7%
Mercy
8.9%
Ajaxis
8.3%
Coronary
7.1%
Quiz Playlist
Details
Report
Send in Message
Add To Playlist
More Info:
In this game you'll name each member of Marvel's Thunderbolts. Can you name them all?
Slideshow:
Type answers based on single images at one time
Last Updated: May 5, 2017
Quiz Scoreboard
CHALLENGE
Sign Up to Join the Scoreboard
Show All
Scores
Hide
Comments
May contain spoilers
Recently Published
An Introduction to Baseball
by treessimontrees
Sports
5m
Movies - When Are They Set?
by FPL_Elf
Movies
5m
Popular People in 1961
by mucciniale
History
6m
More to Explore
Quiz From the Vault
Featured Blog Post
Where Did the Easter Bunny Come From?
hide this ad
You Might Also Like...
Tags
Marvel Quiz
Marvel Cinematic Universe Quiz
Superhero Quiz
Marvel Superheroes
Marvel Villains
Thunderbolt
Today's Top Quizzes in Entertainment
Browse Entertainment
hide this ad
Today's Top Quizzes in Marvel
Browse Marvel
Top Contributed Quizzes in Entertainment
1
Kamen Rider Motifs
2
7-to-1: DC Comics Villains
3
Dragon Ball Z: Goku's Fights in Order
4
Dragon Ball Z: Mega Character Search
5
Marvel Characters Bunker
6
Criteria Quickie: Cartoon Taxonomy II
7
Fictional Villains Letter U Blitz
8
Sorting Pictures: Villains
9
One Thing in Common: Fictional Characters
10
Eurovision 2023 Logic Puzzle
Explore More
Trending Topics
Harry Potter
Kpop
Crossword
Disney
Marvel
Anime
NBA
WWE
The Office
Puzzle
Pokémon
Soccer
Country
NFL
Song
hide this ad
More By:
XMen4Life
Quiz
Plays
Rating
Category
Featured
Created
Current Marvel MCU Heroes
706
3.50
Entertainment
Feb 10, 2017
100 Greatest X-Men as Ranked by comicsalliance.com
464
4.14
Entertainment
Mar 24, 2017
Each Young Avengers Member
440
5.00
Entertainment
Mar 29, 2017
Every Member of Marvel's Illuminati
391
5.00
Entertainment
Feb 9, 2017
Every Member of the Sinister Six
384
4.67
Entertainment
Mar 22, 2017
Go to Creator's Profile
Score Distribution
Quiz Creator Spotlight
XMen4Life
Follow
Send a Message
Quizzes Created
-
Created Quiz Play Count
-
More By This Creator
Popular Quizzes Today
1
Find the Countries of Europe - No Outlines Minefield
2
Find the US States - No Outlines Minefield
3
The Countries of the World
4
Popular People in 1961
5
US States
6
Find the US States
7
1-10 Letter E Words III
8
Risky Map Clicking: Biggest States A-Z
More Entertainment Quizzes
DC Picture Find: Green Arrow
Quiz Lab
Trending Quizzes
Risky Map Clicking: Least Populous States A-Z
1-10 Letter F Words
1-10 Letter G Words
One Thing in Common: United Kingdom
Risky Map Clicking: Next State Alphabetically
Recently Updated
Leaping Animals
pecheneg
Reality TV Shows (A-Z)
bhenderson79
Rickey Henderson's Hall of Fame Teammates
pecheneg
Champions League XIs: Arsenal
pecheneg
Quick Pick: Celebrities in WWE's Hall of Fame
aduchscher
A-Z Keypad Blitz II
pecheneg
Multiple Oscar Actors
pecheneg
Mystery Phrase Blitz: Oscar 'Best Actors'
pecheneg
F. Scott Fitzgerald Novels
LTH
Pick 3 Villains
ddd62291
Trending Topics
Kpop
Disney
Anime
Marvel
Crossword
Harry Potter
NBA
NFL
Pokémon
Soccer
Song
The Office
Country
Puzzle
WWE
Your Account Isn't Verified!
In order to create a playlist on Sporcle, you need to verify the email address you used during registration. Go to your
Sporcle Settings
to finish the process.
Report this User
Report this user for behavior that violates our
Community Guidelines
.
Details:
Send Report
Go to the Sporcle.com Mobile Site →
Comments